Energetický audit výrobného podniku + CD-ROM

Gespeichert in:
Bibliographische Detailangaben
1. Verfasser: Illés, Peter
Format: Buch
Sprache:Slowakisch
Veröffentlicht: Bratislava STU v Bratislave FCHPT 2005
Online-Zugang:Im OPAC anzeigen
Tags: Tag hinzufügen
Keine Tags, Fügen Sie das erste Tag hinzu!

MARC

LEADER 00000nam a2200000 a 4500
005 20260127134300.0
008 050708 2005 xo 000 0 slo d
035 |a vtls008183117 
039 9 |y 200507081004  |z mschk03 
040 |a STUSCHK1  |b slo  |c STUSCHK1  |e AACR2 
100 1 |a Illés, Peter 
245 1 |a Energetický audit výrobného podniku  |b + CD-ROM 
260 |a Bratislava  |b STU v Bratislave FCHPT  |c 2005 
300 |a 77 s. 
500 |a Obháj.: 7.6. 2005 
500 |a Špec.: Chemické inžinierstvo 
910 |a SCHK95 
999 |c 8722  |d 8722